000 00475nam a22001817a 4500
003 MPLRDC
005 20220104144548.0
008 210129b ||||| |||| 00| 0 eng d
020 _a7-5019-3510-6
082 _a415.662 CXWR
100 _a赤须文人
245 _a甲状腺疾病防治 100 问
_c程永明、徐建华等译
250 _a初版
260 _a
_b中国轻工业出版社
_c2002
300 _b
650 _a甲状腺病
942 _cBK
_o415.662 CXWR
999 _c50824
_d50814